| 000 | 00926nam a2200241 a 4500 | ||
|---|---|---|---|
| 001 | 39562 | ||
| 003 | BD-RjUL | ||
| 005 | 20211209053021.0 | ||
| 008 | 160412r20001992bg ||||| b||| 001 0 ben d | ||
| 020 |
_a9844611069 _c: TK. 150.00 |
||
| 035 | _a(BD-RjUL)39675 | ||
| 040 |
_aBD-RjUL _bben _cBD-RjUL |
||
| 041 | _aben | ||
| 082 |
_223 _a891.4409 _bRAS 2000 |
||
| 100 |
_aরহমান, বদিউর _9121856 |
||
| 245 | 1 | 0 |
_aসাহিত্য স্বরুপ / _cবদিউর রহমান |
| 260 |
_aঢাকা : _bগতিধারা, _c২০০০ |
||
| 300 |
_a২৭২ পৃ. ; _c২২ সেমি. |
||
| 504 | _aগ্রন্থপঞ্জি ও পরিশিষ্ট সংযুক্ত | ||
| 650 |
_aবাংলা সাহিত্য _xইতিহাস ও সমালোচনা _9118060 |
||
| 650 |
_aBengali Literature _xHistory and Criticism _9117020 |
||
| 942 |
_2ddc _cBK _07 |
||
| 999 |
_c39562 _d39562 |
||